[Event "Asia-ch Seniors 9th"]
[Site "Tagaytay City"]
[Date "2018.11.07"]
[Round "5"]
[White "Manaog, Stewart"]
[Black "Roullo, Rolzon"]
[Result "0-1"]
[WhiteElo "2113"]
[BlackElo "1946"]
[PlyCount "82"]
[EventDate "2018.11.04"]
[EventType "swiss"]
[EventRounds "9"]
[EventCountry "PHI"]
[SourceTitle "EXT 2021"]
[Source "ChessBase"]
[SourceDate "2020.10.23"]
[SourceVersion "1"]
[SourceVersionDate "2020.10.23"]
[SourceQuality "1"]

1. d4 e6 2. e3 f5 3. f4 Nf6 4. Nf3 b6 5. Bd3 Bb7 6. 0-0 Be7 7. Qe2 0-0 8. b3 c5 9. Bb2 Nc6 10. a3 Qc7 11. Ne5 Rac8 12. Nd2 Nd8 13. Rac1 Nf7 14. c4 Nd6 15. dxc5 bxc5 16. Rfd1 Rcd8 17. Bc2 Ba8 18. b4 Nde4 19. b5 Nxd2 20. Qxd2 d6 21. Nf3 Ne4 22. Bxe4 Bxe4 23. Ng5 Bxg5 24. fxg5 Qe7 25. h4 h6 26. gxh6 gxh6 27. g3 Kh7 28. Qh2 Rg8 29. Kf2 Rg4 30. Ke2 Rdg8 31. Rg1 Qb7 32. Qf2 d5 33. a4 dxc4 34. Qe1 Bd3+ 35. Kf2 Qe4 36. Qc3 Rxh4 37. Rg2 f4 38. exf4 Rxf4+ 39. Kg1 Qe3+ 40. Kh1 Rh4+ 41. gxh4 Qh3+ 0-1

[Event "Penang op-A 9th"]
[Site "Penang"]
[Date "2017.12.08"]
[Round "8"]
[White "Lim, Zhuo Ren"]
[Black "Manaog, Stewart"]
[Result "1/2-1/2"]
[WhiteElo "2201"]
[BlackElo "2050"]
[PlyCount "87"]
[EventDate "2017.12.04"]
[EventType "swiss"]
[EventRounds "9"]
[EventCountry "MAS"]
[SourceTitle "CBM 182 Extra"]
[Source "ChessBase"]
[SourceDate "2018.02.23"]
[SourceVersion "1"]
[SourceVersionDate "2018.02.23"]
[SourceQuality "1"]

1. d4 Nf6 2. Nf3 e6 3. c4 b6 4. g3 Bb4+ 5. Bd2 Bxd2+ 6. Qxd2 Bb7 7. Bg2 0-0 8. 0-0 d6 9. Nc3 Nbd7 10. Rfd1 Ne4 11. Nxe4 Bxe4 12. d5 Bxf3 13. exf3 e5 14. f4 exf4 15. Qxf4 Qf6 16. Qxf6 Nxf6 17. Re1 Rfe8 18. Bh3 Kf8 19. f3 a5 20. Kf2 Rxe1 21. Rxe1 Rb8 22. a4 Re8 23. Re3 g6 24. Rxe8+ Kxe8 25. Ke3 Ke7 26. Kf4 h6 27. Bc8 Kd8 28. Bh3 Nh5+ 29. Ke3 Ke7 30. Bg4 Ng7 31. h4 f5 32. Bh3 g5 33. hxg5 hxg5 34. f4 g4 35. Bf1 Nh5 36. Kf2 Kf6 37. Bd3 Kg6 38. Bc2 Nf6 39. Ke3 Nd7 40. Bd3 Nc5 41. Bc2 Kf6 42. Kd4 Na6 43. Bd3 Nc5 44. Bc2 1/2-1/2

[Event "UTP Team-chT"]
[Site "Seri Iskandar"]
[Date "2017.09.23"]
[Round "4.1"]
[White "Manaog, Stewart"]
[Black "Lim, Zhuo Ren"]
[Result "1/2-1/2"]
[WhiteElo "1970"]
[BlackElo "2038"]
[PlyCount "112"]
[EventDate "2017.09.23"]
[EventType "team-swiss"]
[EventRounds "7"]
[EventCountry "MAS"]
[SourceTitle "EXT 2019"]
[Source "ChessBase"]
[SourceDate "2018.10.10"]
[SourceVersion "1"]
[SourceVersionDate "2018.10.10"]
[SourceQuality "1"]

1. Nf3 Nf6 2. g3 d5 3. Bg2 e6 4. 0-0 Be7 5. b3 0-0 6. Bb2 c5 7. e3 Nc6 8. d4 b6 9. Ne5 Bb7 10. c4 cxd4 11. exd4 Nxe5 12. dxe5 Ne4 13. Nd2 Nxd2 14. Qxd2 Qb8 15. cxd5 Bxd5 16. Bxd5 Rd8 17. Rfd1 Rxd5 18. Qe2 Qb7 19. Rxd5 Qxd5 20. Rd1 Qc6 21. Rc1 Qd7 22. Qc4 g6 23. Qc7 Rd8 24. Qxd7 Rxd7 25. Rc2 Bc5 26. Kf1 g5 27. Ke2 Kg7 28. h3 Rd5 29. Bc3 Kg6 30. g4 Bf8 31. Rd2 Rc5 32. Kd3 Bg7 33. Re2 h5 34. f3 Rd5+ 35. Bd4 Rd8 36. a4 f6 37. Kc4 f5 38. Bb2 Rd5 39. b4 Rd1 40. Kb5 h4 41. Ka6 Rd7 42. Rc2 Bf8 43. Rc6 fxg4 44. Rxe6+ Kf7 45. Rf6+ Ke8 46. fxg4 Bxb4 47. Rf5 Be7 48. Bc1 Rd4 49. Kxa7 Rxa4+ 50. Kxb6 Rb4+ 51. Ka5 Rb3 52. Bxg5 Bxg5 53. Rxg5 Ke7 54. Rh5 Rxh3 55. Kb4 Ke6 56. Kc4 Rg3 1/2-1/2

[Event "Ho Chi Minh City HD Bank op-B 6th"]
[Site "Ho Chi Minh City"]
[Date "2016.03.10"]
[Round "4"]
[White "Chow, Kit Meng Jordan Max"]
[Black "Manaog, Stewart"]
[Result "1-0"]
[WhiteElo "1721"]
[BlackElo "2057"]
[PlyCount "79"]
[EventDate "2016.03.08"]
[EventType "swiss"]
[EventRounds "9"]
[EventCountry "VIE"]
[SourceTitle "CBM 171 Extra"]
[Source "ChessBase"]
[SourceDate "2016.04.26"]
[SourceVersion "1"]
[SourceVersionDate "2016.04.26"]
[SourceQuality "1"]

1. e4 d5 2. exd5 Qxd5 3. Nc3 Qd8 4. d4 c6 5. Nf3 g6 6. Be3 Bg7 7. Qd2 Nf6 8. 0-0-0 b5 9. Bd3 Bg4 10. Bh6 0-0 11. Bxg7 Kxg7 12. Ne2 Bxf3 13. gxf3 Qd5 14. Kb1 Qxf3 15. Ng3 Nbd7 16. h4 e6 17. h5 Rh8 18. Rde1 Qd5 19. Qf4 a5 20. Be2 b4 21. Bf3 Qb5 22. Qd6 Ra7 23. Rh3 Qb8 24. Qxc6 Kg8 25. Ne4 Nd5 26. Ng5 Ne7 27. Qc4 Nf5 28. d5 Nb6 29. Qe2 Re7 30. dxe6 fxe6 31. Qd3 e5 32. Bd5+ Kf8 33. Qb5 e4 34. Qxa5 Qd6 35. Bb3 Ke8 36. Nxe4 Qc7 37. Qxb4 Kd7 38. Rd1+ Ke8 39. f3 Rf8 40. Rd3 1-0

[Event "Ho Chi Minh City HD Bank op-B 6th"]
[Site "Ho Chi Minh City"]
[Date "2016.03.09"]
[Round "3"]
[White "Manaog, Stewart"]
[Black "Gaticales, Martin"]
[Result "1/2-1/2"]
[WhiteElo "2057"]
[BlackElo "1870"]
[PlyCount "62"]
[EventDate "2016.03.08"]
[EventType "swiss"]
[EventRounds "9"]
[EventCountry "VIE"]
[SourceTitle "CBM 171 Extra"]
[Source "ChessBase"]
[SourceDate "2016.04.26"]
[SourceVersion "1"]
[SourceVersionDate "2016.04.26"]
[SourceQuality "1"]

1. Nf3 c5 2. g3 g6 3. Bg2 Bg7 4. c4 Nc6 5. Nc3 Nf6 6. 0-0 0-0 7. d4 cxd4 8. Nxd4 Nxd4 9. Qxd4 d6 10. Qd3 a6 11. b3 Bf5 12. Qe3 Rb8 13. Bb2 Re8 14. Qd2 Qc8 15. Rfc1 Bh3 16. Nd5 Bxg2 17. Nxf6+ Bxf6 18. Kxg2 Qc6+ 19. f3 Bxb2 20. Qxb2 Qc5 21. b4 Qb6 22. c5 dxc5 23. Rxc5 Rbc8 24. Rac1 Rxc5 25. Rxc5 Rd8 26. a3 Qd6 27. Qc2 Rd7 28. Rc8+ Rd8 29. Rxd8+ Qxd8 30. Qc3 Qd7 31. h4 h5 1/2-1/2

[Event "Penang op 7th"]
[Site "Penang"]
[Date "2015.12.09"]
[Round "5"]
[White "Manaog, Stewart"]
[Black "Tran, Ngoc Lan"]
[Result "1/2-1/2"]
[WhiteElo "2090"]
[BlackElo "2256"]
[PlyCount "133"]
[EventDate "2015.12.07"]
[EventType "swiss"]
[EventRounds "9"]
[EventCountry "MAS"]
[SourceTitle "CBM 169 Extra"]
[Source "ChessBase"]
[SourceDate "2015.12.18"]
[SourceVersion "1"]
[SourceVersionDate "2015.12.18"]
[SourceQuality "1"]

1. d4 d5 2. e3 Nf6 3. Nf3 Bf5 4. Bd3 Bxd3 5. Qxd3 c6 6. Nbd2 Nbd7 7. b3 g6 8. Bb2 Bg7 9. 0-0 0-0 10. Rfe1 e6 11. h3 Qc7 12. c4 Rad8 13. Rac1 Rfe8 14. Qc2 Qa5 15. Bc3 Qb6 16. a4 a6 17. Rb1 Qc7 18. Rec1 Rc8 19. c5 Nh5 20. b4 e5 21. dxe5 Nxe5 22. Nxe5 Bxe5 23. Bxe5 Rxe5 24. b5 axb5 25. axb5 Ng7 26. bxc6 bxc6 27. Rb6 Ne6 28. Qb2 Rh5 29. Rb7 Qe5 30. Qa3 Qf6 31. Rd7 Rc7 32. Rd6 Qe7 33. Nf3 Rf5 34. Nd4 Nxd4 35. exd4 Kg7 36. Qa4 Ra7 37. Qc2 Qe8 38. Qd2 Re7 39. Kf1 Qa8 40. Re1 Ra7 41. g4 Ra2 42. Qxa2 Qxa2 43. gxf5 Qc4+ 44. Kg2 gxf5 45. Rxc6 Qxd4 46. Rc7 Qc4 47. Ree7 d4 48. c6 d3 49. Rxf7+ Kg6 50. Rg7+ Kf6 51. Rcf7+ Ke5 52. c7 Qc6+ 53. Kh2 d2 54. Rd7 Qxc7 55. Rxc7 d1Q 56. Rxh7 Kf4 57. Rh4+ Kf3 58. Rcc4 Kxf2 59. Rcf4+ Ke3 60. Kg2 Qd5+ 61. Kg1 Qd6 62. Kg2 Qc6+ 63. Kh2 Qa6 64. Kg2 Qc6+ 65. Kg1 Qb6 66. Kg2 Ke2 67. Kh2 1/2-1/2

[Event "Olongapo City Puregold op-B"]
[Site "Olongapo City"]
[Date "2015.11.20"]
[Round "6"]
[White "Manaog, Stewart"]
[Black "Pineda, Judith"]
[Result "1-0"]
[WhiteElo "2090"]
[BlackElo "1986"]
[PlyCount "77"]
[EventDate "2015.11.17"]
[EventType "swiss"]
[EventRounds "9"]
[EventCountry "PHI"]
[SourceTitle "EXT 2017"]
[Source "ChessBase"]
[SourceDate "2016.10.25"]
[SourceVersion "1"]
[SourceVersionDate "2016.10.25"]
[SourceQuality "1"]

1. d4 Nf6 2. e3 g6 3. f4 Bg7 4. Nf3 e6 5. Bd3 c5 6. 0-0 0-0 7. c3 b6 8. Qe2 Nc6 9. Bd2 d6 10. e4 Bb7 11. Na3 a6 12. e5 Ne8 13. Rad1 Ne7 14. Nc2 Nc7 15. Ng5 d5 16. Qg4 h6 17. Nf3 Bc6 18. b3 Bb5 19. Bc1 Bxd3 20. Rxd3 c4 21. Rd2 Nb5 22. Bb2 cxb3 23. axb3 Rc8 24. Rd3 Rc7 25. Na3 Qd7 26. Nb1 Nc6 27. Qh3 Na5 28. Nfd2 Rfc8 29. g4 Rc6 30. Rg3 Nb7 31. f5 exf5 32. gxf5 g5 33. Qh5 f6 34. e6 Qe7 35. h4 N7d6 36. Qf3 Nxf5 37. Qxf5 Qxe6 38. h5 Qf7 39. Re3 1-0

[Event "Ho Chi Minh City HD Bank op 5th"]
[Site "Ho Chi Minh City"]
[Date "2015.03.21"]
[Round "8"]
[White "Kebbedies, Frank"]
[Black "Manaog, Stewart"]
[Result "0-1"]
[WhiteElo "1842"]
[BlackElo "2104"]
[PlyCount "122"]
[EventDate "2015.03.17"]
[EventType "swiss"]
[EventRounds "9"]
[EventCountry "VIE"]
[SourceTitle "CBM 165 Extra"]
[Source "ChessBase"]
[SourceDate "2015.04.21"]
[SourceVersion "1"]
[SourceVersionDate "2015.04.21"]
[SourceQuality "1"]

1. d4 d5 2. c4 e6 3. Nc3 c6 4. Nf3 f5 5. e3 Nf6 6. Be2 Bd6 7. 0-0 Nbd7 8. b3 0-0 9. Qc2 Ne4 10. Bb2 Qf6 11. Ne1 g5 12. f4 gxf4 13. Nxe4 fxe4 14. exf4 Bxf4 15. Qc3 Qh6 16. g3 Be3+ 17. Kh1 Rxf1+ 18. Bxf1 Nf6 19. Ng2 Ng4 20. h4 Bd2 21. Qc2 Bd7 22. Be2 Nf2+ 23. Kh2 Rf8 24. Ba3 Rf5 25. Bd6 Be8 26. Rg1 Bg6 27. cxd5 exd5 28. Qc5 Be8 29. Be5 Qe6 30. Nf4 Qd7 31. Rg2 b6 32. Qc2 e3 33. Bd3 Ng4+ 34. Kh1 Rxe5 35. dxe5 Nxe5 36. Bf5 Qg7 37. Ne6 Qe7 38. Ng5 h6 39. Ne6 Bf7 40. Nf4 Qf6 41. Bh3 c5 42. Rxd2 exd2 43. Qxd2 d4 44. Bf1 Qf5 45. Qe2 Ng6 46. Qg2 Nxf4 47. gxf4+ Kh7 48. Qf2 Bd5+ 49. Kh2 Kg7 50. Bh3 Qe4 51. Kg3 Kf6 52. Bf1 Qg6+ 53. Kh2 Qg4 54. Be2 Qe6 55. Kg3 Qe4 56. Bf1 Be6 57. Bg2 Qd3+ 58. Kh2 Qe3 59. Qxe3 dxe3 60. Kg3 c4 61. Bf1 c3 0-1

[Event "Ho Chi Minh City HD Bank op 5th"]
[Site "Ho Chi Minh City"]
[Date "2015.03.19"]
[Round "4"]
[White "Le, Minh Hoang"]
[Black "Manaog, Stewart"]
[Result "0-1"]
[WhiteElo "2025"]
[BlackElo "2104"]
[PlyCount "80"]
[EventDate "2015.03.17"]
[EventType "swiss"]
[EventRounds "9"]
[EventCountry "VIE"]
[SourceTitle "CBM 165 Extra"]
[Source "ChessBase"]
[SourceDate "2015.04.21"]
[SourceVersion "1"]
[SourceVersionDate "2015.04.21"]
[SourceQuality "1"]

1. d4 d5 2. Nf3 e6 3. e3 c6 4. Bd3 f5 5. c4 Nf6 6. 0-0 Bd6 7. b3 Qe7 8. Bb2 0-0 9. Qc1 b6 10. Ba3 c5 11. cxd5 Nxd5 12. dxc5 bxc5 13. Nc3 Nd7 14. Rd1 Bb7 15. Be2 g5 16. Nxd5 exd5 17. Bb2 g4 18. Ne1 Nf6 19. Bf1 Ne4 20. Nd3 Rac8 21. Nf4 Bxf4 22. exf4 Qh4 23. g3 Qe7 24. Qc2 h5 25. Re1 h4 26. Qc3 d4 27. Qc4+ Kh7 28. Rac1 Qd7 29. Qd3 Rf6 30. Bg2 h3 31. Bh1 Re6 32. Rcd1 Ba6 33. Qb1 Rce8 34. Qc1 d3 35. Bxe4 Rxe4 36. Rxe4 Rxe4 37. Qd2 Qc6 38. f3 gxf3 39. Qc3 f2+ 40. Kf1 Rd4 0-1

[Event "Ho Chi Minh City HD Bank op 5th"]
[Site "Ho Chi Minh City"]
[Date "2015.03.17"]
[Round "1"]
[White "Manaog, Stewart"]
[Black "Karavade, Eesha"]
[Result "0-1"]
[WhiteElo "2104"]
[BlackElo "2405"]
[PlyCount "78"]
[EventDate "2015.03.17"]
[EventType "swiss"]
[EventRounds "9"]
[EventCountry "VIE"]
[SourceTitle "CBM 165 Extra"]
[Source "ChessBase"]
[SourceDate "2015.04.21"]
[SourceVersion "1"]
[SourceVersionDate "2015.04.21"]
[SourceQuality "1"]

1. d4 d5 2. e3 Nf6 3. f4 Bf5 4. Nf3 Nbd7 5. Bd3 Bxd3 6. cxd3 c5 7. dxc5 Nxc5 8. 0-0 e6 9. Nc3 Be7 10. Rb1 Rc8 11. a3 0-0 12. Ne2 Qb6 13. Ned4 Qa6 14. Ne5 Nfd7 15. Nxd7 Nxd7 16. Qe2 Nc5 17. Rd1 Bf6 18. Nf3 Rc7 19. g4 g6 20. g5 Bg7 21. Ne1 Rfc8 22. Bd2 Na4 23. Bb4 Qb5 24. Bd6 Rd7 25. Be5 Bxe5 26. fxe5 d4 27. Nf3 dxe3 28. Qxe3 Nb6 29. Rd2 Nd5 30. Qe1 Nf4 31. d4 Rdc7 32. Rbd1 Rc2 33. Qe4 Rxd2 34. Rxd2 Rc1+ 35. Ne1 Nh3+ 36. Kg2 Nxg5 37. Qh4 Qd5+ 38. Kf1 Qh1+ 39. Ke2 Rxe1+ 0-1

[Event "Penang op 6th"]
[Site "Penang"]
[Date "2014.12.12"]
[Round "9"]
[White "Manaog, Stewart"]
[Black "Chan, Marcus"]
[Result "1-0"]
[WhiteElo "2077"]
[BlackElo "2225"]
[PlyCount "141"]
[EventDate "2014.12.08"]
[EventType "swiss"]
[EventRounds "9"]
[EventCountry "MAS"]
[SourceTitle "CBM 163 Extra"]
[Source "ChessBase"]
[SourceDate "2014.12.23"]
[SourceVersion "1"]
[SourceVersionDate "2014.12.23"]
[SourceQuality "1"]

1. Nf3 Nf6 2. g3 g6 3. Bg2 Bg7 4. 0-0 0-0 5. d4 d5 6. c4 dxc4 7. Na3 c3 8. bxc3 c5 9. Ne5 Nc6 10. Nac4 Nd5 11. Bb2 Nxe5 12. Nxe5 Nb6 13. Qd3 Qc7 14. f4 Rd8 15. Ba3 c4 16. Qf3 Rb8 17. e4 f6 18. Ng4 Na4 19. Rac1 b5 20. Ne3 Bb7 21. Nd5 Bxd5 22. exd5 a5 23. Qe2 Rd7 24. Rfe1 Bf8 25. h4 Qa7 26. Qc2 Kg7 27. h5 Nxc3 28. Qxc3 b4 29. Bxb4 Rxb4 30. hxg6 hxg6 31. f5 g5 32. Kh2 Qb8 33. Rh1 Rb2 34. Qxc4 Rdb7 35. Rc2 R7b4 36. Rxb2 Rxb2 37. Rc1 Qe8 38. Kg1 Qh5 39. d6 exd6 40. Qe6 Qf7 41. Qxf7+ Kxf7 42. Rc7+ Be7 43. Bd5+ Ke8 44. Bc6+ Kf7 45. Bd5+ Ke8 46. Rc8+ Bd8 47. Bc6+ Ke7 48. Ra8 Rxa2 49. Ra7+ Kf8 50. Rd7 Be7 51. Kf1 Rd2 52. d5 Rb2 53. Ra7 Rb8 54. Rxa5 Rd8 55. Kf2 Rb8 56. Ra7 Rd8 57. Kf3 Rb8 58. Bd7 Rd8 59. Be6 Rb8 60. Kg4 Rb4+ 61. Kh5 Ke8 62. Kg6 Rb8 63. Bd7+ Kf8 64. Ra1 Bd8 65. Re1 Be7 66. Rh1 Bd8 67. Rh8+ Ke7 68. Bc6 Bc7 69. Rh7+ Kf8 70. Rxc7 g4 71. Kxf6 1-0

[Event "Ho Chi Minh City HD Bank op 3rd"]
[Site "Ho Chi Minh City"]
[Date "2013.03.21"]
[Round "4"]
[White "Manaog, Stewart"]
[Black "Wang, Jue"]
[Result "0-1"]
[WhiteElo "2088"]
[BlackElo "2390"]
[PlyCount "112"]
[EventDate "2013.03.19"]
[EventType "swiss"]
[EventRounds "9"]
[EventCountry "VIE"]
[SourceTitle "CBM 153 Extra"]
[Source "ChessBase"]
[SourceDate "2013.04.22"]
[SourceVersion "1"]
[SourceVersionDate "2013.04.22"]
[SourceQuality "1"]

1. Nf3 Nf6 2. g3 g6 3. Bg2 Bg7 4. 0-0 0-0 5. b3 d5 6. Bb2 c5 7. e3 Nc6 8. d4 cxd4 9. Nxd4 Qb6 10. Nc3 Rd8 11. Na4 Qc7 12. f4 Bg4 13. Qc1 Rac8 14. h3 Nxd4 15. Bxd4 Bf5 16. c3 Ne4 17. g4 Bd7 18. Bxe4 dxe4 19. Nc5 Bb5 20. Rf2 Bxd4 21. exd4 b6 22. Nxe4 Bd3 23. Qe3 Bxe4 24. Qxe4 Qxc3 25. Rd1 Qxh3 26. Qf3 Qxf3 27. Rxf3 Rd5 28. a4 Rc2 29. Rfd3 f6 30. Re1 Kf7 31. Rde3 Rc7 32. Rh3 Rxd4 33. Rxh7+ Kf8 34. Rf1 g5 35. fxg5 Rxg4+ 36. Kh2 Rc2+ 37. Kh3 Rxg5 38. Rf3 Rg7 39. Rh8+ Kf7 40. Ra8 Rc5 41. Kh2 a5 42. Rb8 Rc6 43. Rb7 Re6 44. Rh3 f5 45. Rh4 Kf6 46. Rh6+ Rg6 47. Rh7 f4 48. Rb8 Kf5 49. Rf8+ Kg4 50. Kg2 Re2+ 51. Kf1 Re3 52. Rhf7 e5 53. Re7 Rh6 54. Kg2 Rg3+ 55. Kf2 Rh2+ 56. Kf1 Kf3 0-1

[Event "Penang op 4th"]
[Site "Penang"]
[Date "2012.12.13"]
[Round "5"]
[White "Manaog, Stewart"]
[Black "Ang, Zhen Yuan"]
[Result "1-0"]
[WhiteElo "2088"]
[BlackElo "1792"]
[PlyCount "113"]
[EventDate "2012.12.11"]
[EventType "swiss"]
[EventRounds "9"]
[EventCountry "MAS"]
[SourceTitle "EXT 2014"]
[Source "ChessBase"]
[SourceDate "2013.11.20"]
[SourceVersion "1"]
[SourceVersionDate "2013.11.20"]
[SourceQuality "1"]

1. Nf3 c5 2. c4 Nc6 3. d4 b6 4. d5 Nb8 5. Nc3 g6 6. e4 d6 7. h3 Bg7 8. g3 Nf6 9. Bg2 0-0 10. 0-0 Nbd7 11. Qc2 Ba6 12. Nd2 Ne5 13. b3 Rb8 14. a4 e6 15. f4 Ned7 16. Bb2 e5 17. f5 g5 18. Nb5 Bxb5 19. axb5 Ra8 20. Ra2 Qc8 21. Rfa1 Qb7 22. Bc1 Nb8 23. Nb1 h6 24. Nc3 Nh5 25. Qf2 Nf6 26. Ra4 Rd8 27. Qa2 Rd7 28. Bf3 Qc8 29. Be3 Rb7 30. Qe2 Nbd7 31. h4 Nh7 32. R1a2 Ndf6 33. Nd1 Qd8 34. Kh2 Rc7 35. Bd2 Kh8 36. Nb2 Ne8 37. Be1 Bf6 38. Kh3 Ng7 39. Nd3 Be7 40. Bf2 Qe8 41. Ra6 f6 42. Qd1 h5 43. g4 hxg4+ 44. Bxg4 gxh4 45. Bxh4 Ng5+ 46. Bxg5 fxg5 47. Rh2 Kg8 48. Kg3 Bf6 49. Qh1 Kf7 50. Rh7 Qg8 51. Bh5+ Ke7 52. Bg6 Kd7 53. Nf2 Rb7 54. Ng4 Qf8 55. Qh6 Kd8 56. Nxf6 Qxf6 57. Rh8+ 1-0

[Event "Penang op 4th"]
[Site "Penang"]
[Date "2012.12.12"]
[Round "4"]
[White "Virda, Rizka Aulia"]
[Black "Manaog, Stewart"]
[Result "1/2-1/2"]
[WhiteElo "1797"]
[BlackElo "2088"]
[PlyCount "84"]
[EventDate "2012.12.11"]
[EventType "swiss"]
[EventRounds "9"]
[EventCountry "MAS"]
[SourceTitle "EXT 2014"]
[Source "ChessBase"]
[SourceDate "2013.11.20"]
[SourceVersion "1"]
[SourceVersionDate "2013.11.20"]
[SourceQuality "1"]

1. e4 c5 2. Nc3 Nc6 3. g3 d6 4. Bg2 e5 5. d3 g6 6. Be3 Bg7 7. Qd2 Nd4 8. Nd1 Nf6 9. c3 Nc6 10. h3 Rb8 11. Ne2 b5 12. d4 Qe7 13. d5 Nd8 14. b4 c4 15. 0-0 0-0 16. f4 exf4 17. Bxf4 Nd7 18. Nd4 Ne5 19. Nf2 Bd7 20. Rfe1 Ra8 21. Nf3 a5 22. a3 Nb7 23. Nxe5 Bxe5 24. Bxe5 Qxe5 25. Qd4 Ra6 26. Qxe5 dxe5 27. Bf3 Rfa8 28. Rac1 axb4 29. axb4 Kg7 30. g4 f6 31. h4 Nd6 32. g5 fxg5 33. hxg5 Nf7 34. Bg4 Bxg4 35. Nxg4 Nxg5 36. Nxe5 Re8 37. Nc6 Ra2 38. Nd4 Nh3+ 39. Kh1 Nf2+ 40. Kg1 Re5 41. d6 Nh3+ 42. Kh1 Nf2+ 1/2-1/2

[Event "Kuala Lumpur DYTM op"]
[Site "Kuala Lumpur"]
[Date "2012.09.20"]
[Round "5"]
[White "Manaog, Stewart"]
[Black "Vojdani, Siavosh"]
[Result "0-1"]
[WhiteElo "2106"]
[BlackElo "1826"]
[PlyCount "56"]
[EventDate "2012.09.18"]
[EventType "swiss"]
[EventRounds "9"]
[EventCountry "MAS"]
[SourceTitle "CBM 150 Extra"]
[Source "ChessBase"]
[SourceDate "2012.10.19"]
[SourceVersion "1"]
[SourceVersionDate "2012.10.19"]
[SourceQuality "1"]

1. d4 d5 2. e3 Nf6 3. f4 Bf5 4. Nf3 e6 5. Bd3 Bd6 6. 0-0 0-0 7. b3 Qe7 8. Bb2 Nbd7 9. Ne5 Ne4 10. Nd2 Bxe5 11. dxe5 c5 12. Qe2 a6 13. Bxe4 dxe4 14. Nc4 b5 15. Nd6 f6 16. Rad1 fxe5 17. fxe5 Rad8 18. a4 bxa4 19. bxa4 Qg5 20. Rf4 Nb6 21. Qxa6 Bh3 22. Qf1 Nxa4 23. Nxe4 Qxg2+ 24. Qxg2 Rxd1+ 25. Kf2 Rxf4+ 26. exf4 Bxg2 27. Nxc5 Nxb2 28. Kxg2 Rd2+ 0-1

[Event "Melaka-chA"]
[Site "Melaka"]
[Date "2012.04.23"]
[Round "1"]
[White "Manaog, Stewart"]
[Black "Nolte, Rolando"]
[Result "0-1"]
[WhiteElo "2043"]
[BlackElo "2456"]
[PlyCount "122"]
[EventDate "2012.04.23"]
[EventType "swiss"]
[EventRounds "9"]
[EventCountry "MAS"]
[SourceTitle "CBM 148 Extra"]
[Source "ChessBase"]
[SourceDate "2012.06.22"]
[SourceVersion "1"]
[SourceVersionDate "2012.06.22"]
[SourceQuality "1"]

1. Nf3 Nf6 2. g3 g6 3. Bg2 Bg7 4. 0-0 0-0 5. b3 d5 6. Bb2 c5 7. e3 Nc6 8. d4 cxd4 9. exd4 Bf5 10. a3 Rc8 11. Nh4 Be6 12. Nd2 Qb6 13. c3 Na5 14. Re1 Rfd8 15. b4 Nc4 16. Nxc4 Rxc4 17. a4 Rdc8 18. Qd2 a5 19. b5 Qd6 20. f3 b6 21. Bf1 R4c7 22. Bd3 Qd7 23. Re2 Ne8 24. Rae1 Nd6 25. Qf4 Bf6 26. Qh6 Nf5 27. Nxf5 Bxf5 28. Qd2 Bxd3 29. Qxd3 Rc4 30. Qd1 h5 31. Kg2 Kg7 32. h4 e6 33. Rh1 Qd6 34. Rhe1 Bd8 35. f4 Bf6 36. Rf1 Rxc3 37. Bxc3 Rxc3 38. Rf3 Rc4 39. Rd3 Qb4 40. f5 exf5 41. Re8 Qxa4 42. Qxa4 Rxa4 43. Rb8 Bxd4 44. Rd8 Ra2+ 45. Kf1 Bc5 46. R8xd5 a4 47. Rd7 Rf2+ 48. Ke1 f4 49. Ra7 fxg3 50. Rxg3 Rf4 51. Rh3 a3 52. Kd1 Rf5 53. Ra6 Kf6 54. Kc2 Rf2+ 55. Kb3 Kf5 56. Ra4 Rb2+ 57. Kc4 Kg4 58. Rh1 Kg3 59. Rd1 Kxh4 60. Kd5+ Kg3 61. Kc4 h4 0-1